[Event "Venice Autumn op 16th"]
[Site "Venice"]
[Date "2010.11.01"]
[Round "5.30"]
[White "Carlassara, Renato"]
[Black "Rostolis, Riccardo"]
[Result "0-1"]
[WhiteElo "1831"]
[BlackElo "1875"]
[PlyCount "58"]
[EventDate "2010.10.30"]
[EventType "swiss"]
[EventRounds "5"]
[EventCountry "ITA"]
[SourceTitle "EXT 2011"]
[Source "ChessBase"]
[SourceDate "2010.11.26"]
[SourceVersion "1"]
[SourceVersionDate "2010.11.26"]
[SourceQuality "1"]

1. e4 d5 2. exd5 Nf6 3. d4 Nxd5 4. c4 Nb6 5. Nc3 Nc6 6. Be3 g6 7. d5 Ne5 8. Bd4 f6 9. Bxe5 fxe5 10. c5 Nd7 11. Ne4 Bg7 12. Bc4 0-0 13. Nf3 Kh8 14. 0-0 Nf6 15. Neg5 h6 16. Ne6 Bxe6 17. dxe6 Nh5 18. Qc2 Qe8 19. Rae1 Rxf3 20. gxf3 Nf4 21. Kh1 g5 22. Qf5 Qc6 23. Re3 Rf8 24. Qe4 Qxc5 25. Bb3 Qb5 26. Ree1 Rd8 27. Rd1 Rd4 28. Qc2 c5 29. Rxd4 Qxf1# 0-1

[Event "Padova Weekend op-B 8th"]
[Site "Padova"]
[Date "2005.12.18"]
[Round "5.13"]
[White "Sinato, Fabrizio"]
[Black "Carlassara, Renato"]
[Result "1-0"]
[WhiteElo "1942"]
[BlackElo "1694"]
[PlyCount "33"]
[EventDate "2005.12.10"]
[EventType "swiss"]
[EventRounds "6"]
[EventCountry "ITA"]
[SourceTitle "EXT 2024"]
[Source "ChessBase"]
[SourceDate "2023.10.10"]
[SourceVersion "1"]
[SourceVersionDate "2023.10.10"]
[SourceQuality "1"]

1. e4 e5 2. Nf3 Nc6 3. Bb5 a6 4. Ba4 Nf6 5. 0-0 Nxe4 6. d4 b5 7. Bb3 d5 8. dxe5 Be6 9. c3 Be7 10. Bf4 Nc5 11. Bc2 Bg4 12. h3 Ne6 13. Bg3 Bh5 14. Nbd2 Bh4 15. Bxh4 Qxh4 16. Nxh4 Bxd1 17. Raxd1 1-0

[Event "Padova Weekend op-B 8th"]
[Site "Padova"]
[Date "2005.12.11"]
[Round "3.14"]
[White "Borin, Fabio"]
[Black "Carlassara, Renato"]
[Result "1/2-1/2"]
[WhiteElo "2128"]
[BlackElo "1694"]
[PlyCount "62"]
[EventDate "2005.12.10"]
[EventType "swiss"]
[EventRounds "6"]
[EventCountry "ITA"]
[SourceTitle "EXT 2024"]
[Source "ChessBase"]
[SourceDate "2023.10.10"]
[SourceVersion "1"]
[SourceVersionDate "2023.10.10"]
[SourceQuality "1"]

1. e4 e5 2. Nf3 Nc6 3. Nc3 Nf6 4. d4 exd4 5. Nxd4 Bb4 6. Nxc6 bxc6 7. Bd3 d5 8. exd5 cxd5 9. Qe2+ Qe7 10. Qxe7+ Bxe7 11. Nb5 Bb4+ 12. c3 Ba5 13. Bf4 c6 14. Nd6+ Ke7 15. 0-0-0 Rd8 16. Rhe1+ Kf8 17. Nf5 Bxf5 18. Bxf5 d4 19. b4 Bb6 20. c4 c5 21. a3 a5 22. b5 Re8 23. Bd6+ Kg8 24. Be7 g6 25. Bxf6 gxf5 26. Re5 Rxe5 27. Bxe5 Re8 28. f4 Re6 29. Rd3 f6 30. Bb8 Re8 31. Bd6 Re6 1/2-1/2

[Event "Treviso U2100 op"]
[Site "Treviso"]
[Date "2005.12.08"]
[Round "4.9"]
[White "Carlassara, Renato"]
[Black "Castellano, Alfonso"]
[Result "1-0"]
[WhiteElo "1694"]
[BlackElo "1931"]
[PlyCount "67"]
[EventDate "2005.12.03"]
[EventType "swiss"]
[EventRounds "5"]
[EventCountry "ITA"]
[SourceTitle "EXT 2024"]
[Source "ChessBase"]
[SourceDate "2023.10.10"]
[SourceVersion "1"]
[SourceVersionDate "2023.10.10"]
[SourceQuality "1"]

1. e4 c5 2. d4 cxd4 3. c3 Nf6 4. e5 Nd5 5. Qxd4 e6 6. Nf3 Nc6 7. Qe4 Be7 8. Qg4 g6 9. h4 h5 10. Qg3 d6 11. Nbd2 dxe5 12. Nxe5 Bd6 13. Ndc4 Bc7 14. Bg5 f6 15. Qd3 Nxe5 16. Nxe5 Rg8 17. Qb5+ Kf8 18. Bh6+ Ke7 19. Nf3 Nb6 20. Rd1 Bd7 21. Qb4+ Kf7 22. Be2 Nd5 23. Qb3 Qe8 24. 0-0 Ba4 25. Qxb7 Bxd1 26. Rxd1 Qb8 27. Qc6 Rd8 28. Nd4 Rd6 29. Qa4 Ne7 30. Bf3 Nf5 31. Nxf5 exf5 32. Rxd6 Bxd6 33. Qd7+ Be7 34. Bd5# 1-0

[Event "Treviso U2100 op"]
[Site "Treviso"]
[Date "2005.12.08"]
[Round "5.6"]
[White "Ribon, Andrea"]
[Black "Carlassara, Renato"]
[Result "1/2-1/2"]
[WhiteElo "1870"]
[BlackElo "1694"]
[PlyCount "40"]
[EventDate "2005.12.03"]
[EventType "swiss"]
[EventRounds "5"]
[EventCountry "ITA"]
[SourceTitle "EXT 2024"]
[Source "ChessBase"]
[SourceDate "2023.10.10"]
[SourceVersion "1"]
[SourceVersionDate "2023.10.10"]
[SourceQuality "1"]

1. c4 e5 2. Nc3 Bb4 3. Qc2 Nc6 4. e3 Bxc3 5. Qxc3 d6 6. d4 Nf6 7. d5 Ne7 8. Bd3 Bf5 9. Ne2 Bxd3 10. Qxd3 e4 11. Qc2 Nf5 12. b3 0-0 13. Bb2 Re8 14. h4 b5 15. Nf4 bxc4 16. Qxc4 Ng4 17. Qe2 Ne5 18. h5 Qg5 19. Kf1 h6 20. Nh3 Qe7 1/2-1/2

[Event "Pedavena op 1st"]
[Site "Pedavena"]
[Date "2005.08.05"]
[Round "4"]
[White "Carlassara, Renato"]
[Black "Torri, Graziano"]
[Result "0-1"]
[WhiteElo "1772"]
[BlackElo "1865"]
[PlyCount "61"]
[EventDate "2005.08.03"]
[EventType "swiss"]
[EventRounds "6"]
[EventCountry "ITA"]
[SourceTitle "EXT 2007"]
[Source "ChessBase"]
[SourceDate "2006.11.23"]
[SourceVersion "1"]
[SourceVersionDate "2006.11.23"]
[SourceQuality "1"]

1. e4 c5 2. d4 cxd4 3. c3 d3 4. Bxd3 Nc6 5. Nf3 d6 6. c4 Bg4 7. Nbd2 Nf6 8. h3 Ne5 9. Be2 Bxf3 10. Bxf3 Nd3+ 11. Kf1 Nd7 12. Be2 N3e5 13. Nf3 g6 14. Be3 Bg7 15. Nd4 0-0 16. h4 Nf6 17. f3 h5 18. Qd2 Rc8 19. b3 Qd7 20. Kf2 a6 21. Rac1 Kh7 22. Bd3 Qc7 23. Rc2 Nfd7 24. Be2 Nc5 25. Rcc1 Ng4+ 26. Kf1 Nxe3+ 27. Qxe3 Bh6 28. f4 e5 29. Nf3 Bxf4 30. Qc3 Nxe4 31. Qc2 0-1

[Event "Veneto-ch qf 65th"]
[Site "Arqua Petrarca"]
[Date "2005.05.14"]
[Round "4.8"]
[White "Carlassara, Renato"]
[Black "Bonafede, Alessandro"]
[Result "0-1"]
[WhiteElo "1748"]
[BlackElo "2095"]
[PlyCount "44"]
[EventDate "2005.05.07"]
[EventType "swiss"]
[EventRounds "6"]
[EventCountry "ITA"]
[SourceTitle "EXT 2024"]
[Source "ChessBase"]
[SourceDate "2023.10.10"]
[SourceVersion "1"]
[SourceVersionDate "2023.10.10"]
[SourceQuality "1"]

1. e4 c5 2. d4 cxd4 3. c3 dxc3 4. Nxc3 Nc6 5. Nf3 e6 6. Bc4 a6 7. 0-0 Nge7 8. Bg5 Qc7 9. Rc1 Ne5 10. Bb3 Nxf3+ 11. Qxf3 Qa5 12. Bd2 Qd8 13. Bg5 h6 14. Bh4 Qa5 15. Bg3 Nc6 16. Nd5 d6 17. Nf6+ gxf6 18. Qxf6 Rg8 19. Rfd1 Bd7 20. Rc2 Bg7 21. Qf4 Be5 22. Qxh6 0-0-0 0-1

[Event "Veneto-ch qf 62nd"]
[Site "Arqua Petrarca"]
[Date "2002.05.12"]
[Round "5.4"]
[White "Carlassara, Renato"]
[Black "Sartori, Spartaco"]
[Result "1/2-1/2"]
[WhiteElo "1690"]
[BlackElo "2149"]
[PlyCount "25"]
[EventDate "2002.05.04"]
[EventType "swiss"]
[EventRounds "6"]
[EventCountry "ITA"]
[SourceTitle "EXT 2024"]
[Source "ChessBase"]
[SourceDate "2023.10.10"]
[SourceVersion "1"]
[SourceVersionDate "2023.10.10"]
[SourceQuality "1"]

1. e4 e6 2. d4 d5 3. Nd2 Nf6 4. e5 Nfd7 5. c3 c5 6. f4 Nc6 7. Ndf3 Be7 8. Bd3 Qa5 9. Bd2 Qb6 10. Ne2 Qxb2 11. Rb1 Qxa2 12. Ra1 Qb2 13. Rb1 1/2-1/2

[Event "Veneto-ch qf 62nd"]
[Site "Arqua Petrarca"]
[Date "2002.05.11"]
[Round "4.9"]
[White "Chiumello, Roberto"]
[Black "Carlassara, Renato"]
[Result "0-1"]
[WhiteElo "1600"]
[BlackElo "1690"]
[PlyCount "46"]
[EventDate "2002.05.04"]
[EventType "swiss"]
[EventRounds "6"]
[EventCountry "ITA"]
[SourceTitle "EXT 2024"]
[Source "ChessBase"]
[SourceDate "2023.10.10"]
[SourceVersion "1"]
[SourceVersionDate "2023.10.10"]
[SourceQuality "1"]

1. c4 Nf6 2. Nc3 c5 3. g3 d5 4. cxd5 Nxd5 5. Bg2 Nc7 6. e3 e5 7. Nge2 Qd7 8. 0-0 Nc6 9. a3 Be7 10. Qb3 0-0 11. Nd5 Na5 12. Nxe7+ Qxe7 13. Qc3 Nc6 14. b3 Bg4 15. Qc4 e4 16. Nc3 Ne5 17. Qxe4 f5 18. Qc2 Nf3+ 19. Kh1 Rf6 20. Bxf3 Bxf3+ 21. Kg1 Qe6 22. d4 f4 23. Ne4 Qh3 0-1

[Event "Veneto-ch qf 62nd"]
[Site "Arqua Petrarca"]
[Date "2002.05.05"]
[Round "3.2"]
[White "Carlassara, Renato"]
[Black "Caruso, Augusto"]
[Result "0-1"]
[WhiteElo "1690"]
[BlackElo "2272"]
[PlyCount "49"]
[EventDate "2002.05.04"]
[EventType "swiss"]
[EventRounds "6"]
[EventCountry "ITA"]
[SourceTitle "EXT 2024"]
[Source "ChessBase"]
[SourceDate "2023.10.10"]
[SourceVersion "1"]
[SourceVersionDate "2023.10.10"]
[SourceQuality "1"]

1. e4 e5 2. Nf3 Nc6 3. Nc3 Nf6 4. d4 exd4 5. Nxd4 Bb4 6. Nxc6 bxc6 7. Bd3 0-0 8. 0-0 d5 9. exd5 cxd5 10. Bg5 Bd6 11. Nb5 Be7 12. Nd4 Qd6 13. Nb5 Qb6 14. a4 c6 15. Nd4 Kh8 16. Re1 Bd8 17. Nf5 Be6 18. b3 c5 19. Qf3 Rc8 20. h4 c4 21. bxc4 dxc4 22. Be4 Nxe4 23. Qxe4 Qc5 24. Nd4 Bd5 25. Be7 0-1

[Event "Padova op-B 3rd"]
[Site "Padova"]
[Date "2000.12.09"]
[Round "4.19"]
[White "Carlassara, Renato"]
[Black "Bonafede, Alessandro"]
[Result "1-0"]
[WhiteElo "1636"]
[BlackElo "1500"]
[PlyCount "75"]
[EventDate "2000.12.02"]
[EventType "swiss"]
[EventRounds "6"]
[EventCountry "ITA"]
[SourceTitle "EXT 2024"]
[Source "ChessBase"]
[SourceDate "2023.10.10"]
[SourceVersion "1"]
[SourceVersionDate "2023.10.10"]
[SourceQuality "1"]

1. e4 e5 2. Nf3 Nc6 3. d4 exd4 4. Nxd4 Bc5 5. Be3 Nxd4 6. Bxd4 Bxd4 7. Qxd4 Qf6 8. e5 Qb6 9. Qxb6 axb6 10. Nc3 Ne7 11. Nb5 Kd8 12. Bd3 Ng6 13. Bxg6 hxg6 14. 0-0 Rf8 15. a3 Ra5 16. c4 f6 17. Rfe1 fxe5 18. Rxe5 d6 19. Re3 Bd7 20. Nd4 Re8 21. Rae1 Rxe3 22. Rxe3 Rg5 23. f4 Rc5 24. b3 d5 25. Ne6+ Bxe6 26. Rxe6 dxc4 27. bxc4 Rxc4 28. g3 Rc6 29. Rxc6 bxc6 30. Kf2 Ke7 31. Ke3 Kd6 32. Kd4 c5+ 33. Ke4 c6 34. a4 Ke6 35. g4 Kf6 36. h4 Ke6 37. g5 Kd6 38. f5 1-0

[Event "Padova op-B 3rd"]
[Site "Padova"]
[Date "2000.12.03"]
[Round "2.4"]
[White "Carlassara, Renato"]
[Black "Ravagnani, Tiziano"]
[Result "1/2-1/2"]
[WhiteElo "1636"]
[BlackElo "1833"]
[PlyCount "85"]
[EventDate "2000.12.02"]
[EventType "swiss"]
[EventRounds "6"]
[EventCountry "ITA"]
[SourceTitle "EXT 2024"]
[Source "ChessBase"]
[SourceDate "2023.10.10"]
[SourceVersion "1"]
[SourceVersionDate "2023.10.10"]
[SourceQuality "1"]

1. e4 c5 2. d4 cxd4 3. c3 dxc3 4. Nxc3 e6 5. Nf3 Nc6 6. Bc4 a6 7. 0-0 b5 8. Bb3 Bc5 9. Qe2 Nd4 10. Nxd4 Bxd4 11. Qd3 Bxc3 12. Qxc3 Bb7 13. Qxg7 Qf6 14. Bh6 Qxh6 15. Qxh8 Qg6 16. Qd4 Nf6 17. f3 h5 18. a4 bxa4 19. Bxa4 h4 20. h3 Rd8 21. Rad1 Qg5 22. Qb6 Ba8 23. Qxa6 Qc5+ 24. Rf2 Ke7 25. Qb5 Qa7 26. Qb4+ Ke8 27. Qd4 Qxd4 28. Rxd4 Rc8 29. Rfd2 Rc7 30. Rc2 Ra7 31. Rc8+ Ke7 32. Rh8 e5 33. Rb4 d5 34. exd5 Nxd5 35. Rbxh4 Nf4 36. b3 Ng6 37. Re8+ Kf6 38. Rb4 Bd5 39. Rc8 Nf4 40. Rb6+ Kg7 41. Rc1 Ne2+ 42. Kf2 Nxc1 43. Ke3 1/2-1/2

[Event "Padova op-B 3rd"]
[Site "Padova"]
[Date "2000.12.03"]
[Round "3.9"]
[White "Lain, Luigi"]
[Black "Carlassara, Renato"]
[Result "1-0"]
[WhiteElo "1804"]
[BlackElo "1636"]
[PlyCount "69"]
[EventDate "2000.12.02"]
[EventType "swiss"]
[EventRounds "6"]
[EventCountry "ITA"]
[SourceTitle "EXT 2024"]
[Source "ChessBase"]
[SourceDate "2023.10.10"]
[SourceVersion "1"]
[SourceVersionDate "2023.10.10"]
[SourceQuality "1"]

1. d4 d5 2. c4 e6 3. Nc3 c5 4. cxd5 exd5 5. Nf3 Nc6 6. Bf4 Nf6 7. e3 Bd6 8. Bg5 Be6 9. dxc5 Bxc5 10. Bb5 0-0 11. 0-0 Be7 12. Qa4 Ne4 13. Nxe4 dxe4 14. Bxe7 Nxe7 15. Qxe4 Bd5 16. Qg4 f5 17. Qg3 Rf6 18. Ne5 f4 19. exf4 Nf5 20. Qd3 Bf7 21. Qxd8+ Rxd8 22. Bc4 Bxc4 23. Nxc4 Nd4 24. g3 Rc6 25. Ne3 Rcd6 26. Kg2 Nc6 27. Rfd1 Rd2 28. Rab1 Nb4 29. Rxd2 Rxd2 30. Rd1 Rxd1 31. Nxd1 Nxa2 32. Kf3 Kf7 33. Ke4 Nb4 34. Nc3 g6 35. Nb5 1-0

[Event "Padova op-A 1st"]
[Site "Padova"]
[Date "1998.12.20"]
[Round "5.17"]
[White "Carlassara, Renato"]
[Black "Sanavio, Giancarlo"]
[Result "1-0"]
[WhiteElo "1555"]
[BlackElo "1627"]
[PlyCount "79"]
[EventDate "1998.12.12"]
[EventType "swiss"]
[EventRounds "6"]
[EventCountry "ITA"]
[SourceTitle "EXT 2023"]
[Source "ChessBase"]
[SourceDate "2022.10.05"]
[SourceVersion "1"]
[SourceVersionDate "2022.10.05"]
[SourceQuality "1"]

1. e4 Nf6 2. e5 Nd5 3. c4 Nb6 4. d4 d6 5. f4 dxe5 6. fxe5 c5 7. d5 e6 8. Nc3 exd5 9. cxd5 a6 10. Nf3 Bg4 11. Be2 N8d7 12. Bf4 g6 13. 0-0 Bg7 14. Ng5 Bf5 15. e6 Bd4+ 16. Kh1 fxe6 17. dxe6 Ne5 18. Bxe5 Qxg5 19. Bxh8 Bxh8 20. g4 Bxe6 21. Qd6 Bd5+ 22. Nxd5 Qxd5+ 23. Qxd5 Nxd5 24. Bf3 0-0-0 25. Rad1 Bd4 26. Bxd5 Rxd5 27. Rf8+ Rd8 28. Rxd8+ Kxd8 29. Kg2 Ke7 30. b3 Kf6 31. Re1 b5 32. Re8 c4 33. bxc4 bxc4 34. Re4 Be5 35. Rxc4 a5 36. Rc5 a4 37. Ra5 Bb2 38. Rxa4 Kg5 39. h3 h6 40. Ra8 1-0

[Event "Padova op-A 1st"]
[Site "Padova"]
[Date "1998.12.13"]
[Round "3.18"]
[White "Carlassara, Renato"]
[Black "Solinas, Roberto"]
[Result "1-0"]
[WhiteElo "1555"]
[BlackElo "1666"]
[PlyCount "64"]
[EventDate "1998.12.12"]
[EventType "swiss"]
[EventRounds "6"]
[EventCountry "ITA"]
[SourceTitle "EXT 2023"]
[Source "ChessBase"]
[SourceDate "2022.10.05"]
[SourceVersion "1"]
[SourceVersionDate "2022.10.05"]
[SourceQuality "1"]

1. e4 e5 2. Nf3 f5 3. Nxe5 Qf6 4. d4 d6 5. Nc4 fxe4 6. Nc3 Bf5 7. Ne3 c6 8. Be2 d5 9. 0-0 Bd6 10. Nxf5 Qxf5 11. Bh5+ g6 12. Bg4 Qf7 13. f3 Qc7 14. fxe4 Bxh2+ 15. Kh1 h5 16. Bh3 Nd7 17. e5 Nxe5 18. dxe5 Bxe5 19. Bg5 Nh6 20. Qd3 Qd6 21. Nb5 cxb5 22. Qxb5+ Qc6 23. Qxc6+ bxc6 24. Rae1 Ng4 25. Bxg4 hxg4+ 26. Kg1 Kd7 27. Rxe5 Rh5 28. Re7+ Kd6 29. Rg7 Rxg5 30. Rf6+ Kc5 31. Rc7 Re8 32. Rcxc6+ Kd4 1-0